Tiszatáj 1982/10
Elmentve itt :
| Dokumentumtípus: | Folyóirat |
|---|---|
| Megjelent: |
1982
|
| Sorozat: | Tiszatáj
36 No. 10 |
| Online Access: | http://tiszataj.bibl.u-szeged.hu/271 |
| LEADER | 00439nas a2200145 i 4500 | ||
|---|---|---|---|
| 001 | tisza271 | ||
| 005 | 20200415090926.0 | ||
| 008 | 160906s1982 hu o 0|| hun d | ||
| 022 | |a 0133-1167 | ||
| 040 | |a SZTE Tiszatáj Archívum |b hun | ||
| 041 | |a hun | ||
| 245 | 0 | 0 | |a Tiszatáj 1982/10 |h [elektronikus dokumentum] |
| 260 | |c 1982 | ||
| 490 | 0 | |a Tiszatáj |v 36 No. 10 | |
| 856 | 4 | 0 | |u http://tiszataj.bibl.u-szeged.hu/271/1/tiszataj_1982_010.pdf |z Dokumentum-elérés |